000 00372nam a2200145Ia 4500
008 210210b1972 xxu||||| |||| 00| 0 eng d
082 _a547 SARC
100 _aSARBHAI (K P).
245 _aCollege organic chemistry.
260 _aN D
_bSultan Chand & Sons
_c1972
300 _axiv,390
650 _aOrganic Bio-chemistry
690 _aOrganic Chemistry
906 _a035088
999 _c85945
_d85945